Peirce a Rorty: Pokus o zmierenie dvoch verzií pragmatizmu

Tradičný názor, že pragmatizmus a semiotika vznikli nezávisle od seba. Význam semiotiky pre pragmatizmus. Dve zdanlivo antagonistické verzie pragmatizmu, ktoré je možné uzmieriť. Verzie podľa Peirceho a Rortyho.

Salvato in:
Dettagli Bibliografici
Autore principale: Višňovský, Emil
Natura: Capitolo di libro
Lingua:slovacco
Soggetti:
Tags: Aggiungi Tag
Nessun Tag, puoi essere il primo ad aggiungerne!!

MARC

LEADER 00000naa a2200000 4500
001 0207643
005 20231211130039.4
041 0 |a slo 
044 |a SK 
245 1 0 |a Peirce a Rorty: Pokus o zmierenie dvoch verzií pragmatizmu  |c Emil Višňovský 
520 |a Tradičný názor, že pragmatizmus a semiotika vznikli nezávisle od seba. Význam semiotiky pre pragmatizmus. Dve zdanlivo antagonistické verzie pragmatizmu, ktoré je možné uzmieriť. Verzie podľa Peirceho a Rortyho. 
610 2 0 |a filozofia 
610 2 0 |a filozofi 
610 2 0 |a smery filozofické 
610 2 0 |a kategórie filozofické 
610 2 0 |a metódy poznania 
610 2 0 |a semiotika 
100 1 |a Višňovský, Emil